| 000 | 00344 a2200109 4500 | ||
|---|---|---|---|
| 001 | ART_44287 | ||
| 005 | 20260410161938.0 | ||
| 008 | 260409a | ||
| 245 | 1 | 0 | _aA platform for Nobel laureate William Vickrey |
| 100 | 1 | _aDavidson, Paul | |
| 773 | 0 |
_tJournal of post Keynesian economics _g- Vol. 19, NÂș 4 (jun. 1997) _wREV26226 |
|
| 999 |
_c29232 _d29232 |
||